| 000 | 00744nam a2200229 i 4500 | ||
|---|---|---|---|
| 001 | 63503 | ||
| 003 | ES-MaACL | ||
| 005 | 20230906164905.0 | ||
| 007 | t| | ||
| 008 | 031211s1973 sp ||||1| spa d | ||
| 020 | _a84-229-3010-2 | ||
| 100 | 1 |
_aFerreras, Juan Ignacio. _950525 |
|
| 245 | 1 | 0 |
_aIntroducción a una sociología de la novela española del siglo XIX / _cJuan Ignacio Ferreras. |
| 260 |
_aMadrid : _bEdicusa, _c1973. |
||
| 300 |
_a287 p. ; _c21 cm. |
||
| 490 | 1 |
_aCuadernos para el diálogo ; _v9 |
|
| 650 | 0 | 0 |
_aNovela española- _yS.XIX- _xHistoria y crítica. _915614 |
| 710 | 2 |
_aCuadernos para el Diálogo. _93333 |
|
| 830 | 1 |
_aCuadernos para el diálogo ; _v9 _9181812 |
|
| 852 |
_aES-MaACL _jC-42623 |
||
| 999 |
_c63503 _d63503 |
||